[Event "Nikaia op 16th"]
[Site "Nikaia"]
[Date "2008.08.27"]
[Round "3"]
[White "Polena, Thomaq"]
[Black "Klokas, Konstantinos"]
[Result "1/2-1/2"]
[WhiteElo "1960"]
[BlackElo "2167"]
[PlyCount "110"]
[EventDate "2008.08.25"]
[EventType "swiss"]
[EventRounds "9"]
[EventCountry "GRE"]
[SourceTitle "CBM 126 Extra"]
[Source "ChessBase"]
[SourceDate "2008.11.05"]
[SourceVersion "1"]
[SourceVersionDate "2008.11.05"]
[SourceQuality "1"]

1. d4 Nf6 2. c4 g6 3. Nc3 Bg7 4. e4 d6 5. f3 0-0 6. Be3 c5 7. dxc5 dxc5 8. Qxd8 Rxd8 9. Bxc5 Nc6 10. Rd1 Nd7 11. Be3 Nb4 12. Rd2 b6 13. a3 Nc6 14. Nge2 Bb7 15. Nd4 Nde5 16. Nxc6 Nxc6 17. Be2 Rxd2 18. Kxd2 Rc8 19. Rd1 Na5 20. Kc2 Be5 21. g3 Nxc4 22. Bxc4 Rxc4 23. Rd7 Rc7 24. Rd8+ Kg7 25. Bd4 Bxd4 26. Rxd4 e5 27. Rd8 Kf6 28. Kd2 Ke7 29. Rd3 Rd7 30. Rxd7+ Kxd7 31. Ke3 Kd6 32. f4 exf4+ 33. gxf4 Kc5 34. Nb1 a5 35. Nd2 f6 36. Kd3 g5 37. fxg5 fxg5 38. Nf3 g4 39. Ng5 h5 40. Ne6+ Kd6 41. Nf4 h4 42. Kd4 g3 43. hxg3 hxg3 44. b4 axb4 45. axb4 Bc8 46. Ke3 Bg4 47. Nd5 Kc6 48. Nf4 Kb5 49. Nd5 Bh5 50. e5 g2 51. Kf2 Bf3 52. Ne3 Kc6 53. e6 Be4 54. e7 Kd7 55. Nc4 Kxe7 1/2-1/2

[Event "Ambelokipi op 87th"]
[Site "Athens"]
[Date "2008.05.28"]
[Round "6"]
[White "Polena, Thomaq"]
[Black "Michailidis, Dimitrios"]
[Result "1-0"]
[WhiteElo "1850"]
[BlackElo "1929"]
[PlyCount "137"]
[EventDate "2008.05.10"]
[EventType "swiss"]
[EventRounds "7"]
[EventCountry "GRE"]
[SourceTitle "EXT 2010"]
[Source "ChessBase"]
[SourceDate "2010.11.25"]
[SourceVersion "1"]
[SourceVersionDate "2010.11.25"]
[SourceQuality "1"]

1. d4 Nf6 2. c4 e6 3. Nf3 b6 4. Bg5 Be7 5. Nc3 Bb7 6. e3 0-0 7. Be2 d5 8. 0-0 Nbd7 9. Rc1 Rc8 10. cxd5 Nxd5 11. Bxe7 Qxe7 12. Nxd5 Bxd5 13. Ba6 Ra8 14. Rxc7 Qd6 15. Rc3 Qb4 16. Qc2 Nf6 17. a3 Qa5 18. Be2 Be4 19. Bd3 Bxf3 20. gxf3 Qh5 21. Be4 Rad8 22. Rc1 g6 23. Qd1 Qh4 24. Qf1 Nxe4 25. fxe4 Qxe4 26. Qg2 Qh4 27. Qg3 Qh5 28. f4 Qb5 29. R1c2 Rd5 30. h4 Qd7 31. Rc7 Qa4 32. R7c4 Qb3 33. R4c3 Qa4 34. Rc7 Qb3 35. Qf2 a5 36. R7c3 Qa4 37. Kg2 Rfd8 38. Rc8 Qe8 39. Rxd8 Qxd8 40. Kg3 Qf6 41. Qf3 Kg7 42. Rc6 Rb5 43. Rc2 Rb3 44. Qe4 Rb5 45. Rh2 h5 46. Qd3 Qf5 47. Qxf5 Rxf5 48. a4 Rd5 49. Rd2 Rd6 50. Rc2 Kf6 51. Rc7 Kg7 52. Kf3 Kf8 53. Ke4 f6 54. Kd3 e5 55. Ke4 exd4 56. exd4 Re6+ 57. Kd5 Re2 58. Rb7 Rxb2 59. Ke6 Rf2 60. d5 Rxf4 61. d6 Rxh4 62. Rf7+ Kg8 63. Rxf6 Re4+ 64. Kd5 Re1 65. Rf4 Rd1+ 66. Kc6 Kg7 67. d7 g5 68. Rf5 Kg6 69. Rd5 1-0

[Event "Ambelokipi op 87th"]
[Site "Athens"]
[Date "2008.05.17"]
[Round "3"]
[White "Delithanasis, Dimitrios"]
[Black "Polena, Thomaq"]
[Result "1-0"]
[WhiteElo "2187"]
[BlackElo "1850"]
[PlyCount "71"]
[EventDate "2008.05.10"]
[EventType "swiss"]
[EventRounds "7"]
[EventCountry "GRE"]
[SourceTitle "EXT 2010"]
[Source "ChessBase"]
[SourceDate "2010.11.25"]
[SourceVersion "1"]
[SourceVersionDate "2010.11.25"]
[SourceQuality "1"]

1. Nf3 Nf6 2. c4 g6 3. g3 Bg7 4. Bg2 0-0 5. 0-0 d6 6. Nc3 c5 7. d4 Nc6 8. d5 Nb4 9. Bf4 Bd7 10. Qd2 Rb8 11. a3 Na6 12. a4 Nc7 13. e4 Nh5 14. Bh6 a6 15. Bxg7 Kxg7 16. e5 Qc8 17. Rfe1 Bf5 18. Nh4 h6 19. f3 g5 20. Nxf5+ Qxf5 21. g4 Qf4 22. Qf2 Qxc4 23. gxh5 Nxd5 24. Re4 Qb3 25. Ra3 Qxa3 26. bxa3 Nxc3 27. Rg4 Nd5 28. f4 f5 29. Rg3 dxe5 30. Bxd5 exf4 31. Qxf4 Kf6 32. Qe3 e5 33. Qxc5 g4 34. h4 Kg7 35. Qe7+ Kh8 36. Qd6 1-0